Województwo Małopolskie - POWIATY - Statystyki

Ogólne statystyki
  • Ten quiz został rozwiązany 19 razy
  • Średni wynik to 18 z 22
Odpowiedzi na mapie
Odpowiedzi zakodowano w zielono-czerwonej skali na mapie do tego quizu, zgodnie z poniższymi procentami.
 
Statystyki odpowiedzi
Odpowiedź % Poprawnych
bocheński
100%
Kraków
100%
krakowski
100%
nowosądecki
95%
Nowy sącz
95%
Tarnów
95%
tarnowski
95%
nowotarski
89%
tatrzański
89%
oświęcimski
84%
wadowicki
84%
wielicki
84%
brzeski
79%
limanowski
79%
myślenicki
79%
dąbrowski
74%
gorlicki
74%
miechowski
74%
chrzanowski
63%
olkuski
63%
suski
58%
proszowicki
53%
Nie znaleziono quizów pasujących do podanych kryteriów
Rozkład punktacji
Procent ludzi z każdym wynikiem
Percentyl według liczby udzielonych odpowiedzi
Twoja historia wyników
Nie rozwiązałeś tego quizu